Alternate but Acceptable spellings of Countries - Statistics

General Stats
  • This quiz has been taken 20 times
  • The average score is 9 of 15
Answer Stats
Hint Answer % Correct
Brazil Brasil
100%
Kyrgyzstan Kirgyzstan | Kirgizstan | Kyrgzystan | Kyrgyzjetpunkstan | ...
94%
Netherlands The Netherlands | Holland
94%
United Kingdom The United Kingdom | The UK | Great Britain | Britain | GB
94%
Turkey Turkiye
88%
Ivory Coast The Ivory Coast | Côte d'Ivoire | Côte de Iviooire | ...
76%
Papua New Guinea New Guinea | New Giunea | Papu New Guinea | Papuaua New Giunea | ...
71%
Uruguay Uraguay | Urugauy | Uruguy | Uragaauay | ...
53%
Brunei Brunai
41%
Jordan Jorden
41%
China PRC
41%
Ukraine The Ukraine
24%
Madagascar Madegascar | Madigascar | Madogascar
18%
Nicaragua Niceragua | Niciragua
18%
Australia Austrailia | Austrailea | Australea
6%
No matching quizzes found
Score Distribution
Percent of People with Each Score
Percentile by Number Answered
Your Score History
You have not taken this quiz